Historical Figures by Country: China - Statistics

General Stats
  • This quiz has been taken 57 times
  • The average score is 10 of 16
Answer Stats
Picture Answer % Correct
Mao Zedong
100%
Bruce Lee
98%
Jackie Chan
91%
Confucius
87%
Chiang Kai-shek
74%
Laozi
70%
Sun Tzu
66%
Sun Yat-sen
66%
Deng Xiaoping
58%
Wu Zetian
53%
Empress Dowager Cixi
47%
Hu Jintao
43%
Emperor Puyi
40%
Jiang Zemin
36%
Ai Weiwei
26%
Liu Xiaobo
21%
No matching quizzes found
Score Distribution
Percent of People with Each Score
Percentile by Number Answered
Your Score History
You have not taken this quiz